书目信息 |
| 题名: |
怎样跑马拉松
|
|
| 作者: | 汉弗莱 , Humphreys , 霍尔曼 , Holman 著 ;杨永泉 译 | |
| 分册: | ||
| 出版信息: | 北京 国际文化出版公司 1987 |
|
| 页数: | 159页 | |
| 开本: | 19cm | |
| 丛书名: | ||
| 单 册: | ||
| 中图分类: | G822.8 | |
| 科图分类: | ||
| 主题词: | 马拉松跑 | |
| 电子资源: | ||
| ISBN: | 7-80049-001-7 | |
| 000 | 00914nam0 2200301 45 | |
| 001 | 0187003263 | |
| 005 | 20040505092314.0 | |
| 010 | @a7-80049-001-7@dCNY1.30 | |
| 100 | @a19900808d1987 em y0chiy0121 ea | |
| 101 | 1 | @achi@ceng |
| 102 | @aCN@b110000 | |
| 105 | @ay z 000yy | |
| 106 | @ar | |
| 200 | 10 | @a怎样跑马拉松@Azen yang pao ma la song@f(英)汉弗莱(Humphreys,J.), 霍尔曼(Holman,R.)著@g杨永泉译 |
| 210 | @a北京@c国际文化出版公司@d1987 | |
| 215 | @a159页@c插图@d19cm | |
| 300 | @a书名原文: Focus on the Marathon. | |
| 510 | 1 | @aFocus on the Marathon@zeng |
| 606 | @a马拉松跑 | |
| 690 | @aG822.8@v3 | |
| 701 | 1 | @a汉弗莱@Ahan fu lai@bJ.@4著 |
| 701 | A1 | @aHumphreys@bJ.@4著 |
| 701 | 1 | @a霍尔曼@Ahuo er man@bR.@4著 |
| 701 | A1 | @aHolman@bR.@4著 |
| 702 | 0 | @a杨永泉@Ayang yong quan@4译 |
| 801 | 0 | @aCN@b深圳图书馆@c20040505 |
| 801 | 2 | @aCN@bNLC@c20040505 |
| 905 | @f2@b209790-791@dG822.8@e22 | |
| 怎样跑马拉松/(英)汉弗莱(Humphreys,J.), 霍尔曼(Holman,R.)著/杨永泉译.-北京:国际文化出版公司,1987 |
| 159页:插图;19cm |
| 书名原文: Focus on the Marathon. |
| ISBN 7-80049-001-7:CNY1.30 |
| ● |
| 相关链接 |
|
|
|
|
正题名:怎样跑马拉松
索取号:G822.8/22
 
预约/预借
| 序号 | 登录号 | 条形码 | 馆藏地/架位号 | 状态 | 备注 |
| 1 | 0209790 | 000996925 | 密集书库/ [索取号:G822.8/22] | 在馆 | |
| 2 | 0209791 | 000996140 | 密集书库/ [索取号:G822.8/22] | 在馆 | |
| 3 | 0209792 | 000996159 | 第一样本阅览室/ [索取号:G822.8/22] | 在馆 |